|
|
|
|
| LEADER |
00787ncm a22002172a 4500 |
| 001 |
001088217 |
| 003 |
CZ BrMZK |
| 005 |
20110624130256.0 |
| 007 |
qu |
| 008 |
100224s1910 gw |||||||||||||||||ger d |
| 040 |
|
|
|a BOA001
|b cze
|
| 072 |
|
7 |
|a 784
|x Vokální hudba
|2 Konspekt
|9 9
|
| 100 |
1 |
|
|a Cornelius, Peter,
|d 1824-1874
|7 ola2002159019
|4 cmp
|
| 245 |
1 |
0 |
|a Weihnachtslieder
|h [hudebnina] :
|b für eine Singstimme mit Pianobegleitung : Tiefere Stimme /
|c Peter Cornelius ; hrsg. von Max Friedlaender
|
| 260 |
|
|
|a Leipzig :
|b Peters,
|c [1910?]
|
| 300 |
|
|
|a 26 s.
|
| 700 |
1 |
|
|a Friedlaender, Max,
|d 1852-1934
|7 jx20090819002
|4 arr
|
| 910 |
|
|
|a BOA001
|b Mus3-0259.458
|
| 990 |
|
|
|a MU
|
| 991 |
|
|
|b 201002
|
| 996 |
6 |
|
|b 2619449755
|c Mus3-0259.458
|l MZK
|r Sklad / do 1 hodiny
|n 0
|w 001112415
|u 000010
|a 1
|e BOA001
|j MZK50
|s P
|